Mathematical concepts relevant to drafting technology of the bachelor of science in industrial technology (BSIT) and bachelor of science in industrial education (BSIE) curricula of C.C.A.T. / (Record no. 4862)
[ view plain ]
| 000 -LEADER | |
|---|---|
| fixed length control field | 01315nam a22002657a 4500 |
| 003 - CONTROL NUMBER IDENTIFIER | |
| control field | OSt |
| 005 - DATE AND TIME OF LATEST TRANSACTION | |
| control field | 20260309014348.0 |
| 008 - FIXED-LENGTH DATA ELEMENTS--GENERAL INFORMATION | |
| fixed length control field | 260309b |||||||| |||| 00| 0 eng d |
| 040 ## - CATALOGING SOURCE | |
| Language of cataloging | English. |
| Transcribing agency | CvSU-CCAT Campus Library. |
| Description conventions | rda. |
| 050 ## - LIBRARY OF CONGRESS CALL NUMBER | |
| Classification number | UM T 379 |
| Item number | M3B37 2002 |
| 100 ## - MAIN ENTRY--PERSONAL NAME | |
| Personal name | Barrameda, Gemmabelle E., author. |
| 9 (RLIN) | 19181 |
| 245 ## - TITLE STATEMENT | |
| Title | Mathematical concepts relevant to drafting technology of the bachelor of science in industrial technology (BSIT) and bachelor of science in industrial education (BSIE) curricula of C.C.A.T. / |
| Statement of responsibility, etc. | Gemmabelle E. Barrameda, Ma. Victoria G. Habla, Marivic V. Reyes. |
| 260 ## - PUBLICATION, DISTRIBUTION, ETC. | |
| Place of publication, distribution, etc. | Rosario, Cavite : |
| Name of publisher, distributor, etc. | Cavite State University-CCAT Campus, |
| Date of publication, distribution, etc. | 2002 |
| 300 ## - PHYSICAL DESCRIPTION | |
| Extent | ii, 35 leaves : |
| Other physical details | illustrations ; |
| Dimensions | 28 cm |
| 500 ## - GENERAL NOTE | |
| General note | Undergraduate Thesis (BSIT)--Cavite State University-CCAT Campus, 2002. |
| 504 ## - BIBLIOGRAPHY, ETC. NOTE | |
| Bibliography, etc. note | Includes bibliographical references and appendices. |
| 546 ## - LANGUAGE NOTE | |
| Language note | In English text |
| 650 #0 - SUBJECT ADDED ENTRY--TOPICAL TERM | |
| Topical term or geographic name entry element | Drafting |
| 9 (RLIN) | 2222 |
| General subdivision | Mathematics |
| 650 #0 - SUBJECT ADDED ENTRY--TOPICAL TERM | |
| Topical term or geographic name entry element | Technical drawing |
| 9 (RLIN) | 19183 |
| General subdivision | Study and teaching (Higher) |
| Geographic subdivision | Philippines |
| 650 #0 - SUBJECT ADDED ENTRY--TOPICAL TERM | |
| Topical term or geographic name entry element | Engineering Mathematics |
| 9 (RLIN) | 12841 |
| General subdivision | Study and teaching (Higher) |
| Geographic subdivision | Philippines |
| 700 ## - ADDED ENTRY--PERSONAL NAME | |
| Personal name | Habla, Ma. Victoria G., author |
| 9 (RLIN) | 19184 |
| 700 ## - ADDED ENTRY--PERSONAL NAME | |
| Personal name | Reyes, Marivic V., author. |
| 9 (RLIN) | 19185 |
| 942 ## - ADDED ENTRY ELEMENTS (KOHA) | |
| Source of classification or shelving scheme | Library of Congress Classification |
| Koha item type | Thesis/Manuscripts/Dissertations |
| Classification part | T 379 M3B37 2002 |
| Call number prefix | UM |
| Withdrawn status | Lost status | Source of classification or shelving scheme | Damaged status | Not for loan | Collection code | Home library | Current library | Shelving location | Date acquired | Coded location qualifier | Total Checkouts | Full call number | Barcode | Date last seen | Copy number | Price effective from | Koha item type |
|---|---|---|---|---|---|---|---|---|---|---|---|---|---|---|---|---|---|
| Library of Congress Classification | Thesis/Manuscript/Dissertation | Cavite State University - CCAT Campus | Cavite State University - CCAT Campus | TH | 03/09/2026 | UM | UM T 379 M3B37 2002 | T0000042 | 03/09/2026 | 1 | 03/09/2026 | Thesis/Manuscripts/Dissertations |
